| 000 | 01019nam a22002417a 4500 | ||
|---|---|---|---|
| 999 |
_c19478 _d19478 |
||
| 003 | AR-CdUCM | ||
| 008 | 190517b ||||| |||| 00| 0 spa d | ||
| 020 | _a84-7114-067-5 | ||
| 040 |
_aMUNICIPALIDAD PROVINCIAL DEL CUSCO _cBIBLIOTECA MUNICIPAL DEL CUSCO |
||
| 082 |
_a581 / _bP47 |
||
| 100 |
_aPesson, P. _940828 |
||
| 245 |
_aEcología forestal : _bel bosque: clima, suelo, arboles, fauna / |
||
| 260 |
_aMadrid : _bMundi-Prensa, _c1978. |
||
| 300 |
_a392 paginas ; _bIlustraciones, _c25 cm. |
||
| 505 | _aContenido : El microclima del bosque -- Importancia ecológica de las variaciones verticales microclimaticas -- Radiación y luz -- Ordenación de los espacios verdes urbanos y forestales -- El ciclo bioquímico en un bosque de pino carrasco... | ||
| 650 |
_aEcologia _94960 |
||
| 650 |
_aMicroecologia _922106 |
||
| 650 |
_aMateria vegetal _940829 |
||
| 650 |
_aFertilización forestal _940830 |
||
| 700 |
_aSainz Ollero, Helios (Traducción) _940831 |
||
| 942 |
_2ddc _cLIBROS |
||
| 945 |
_awnts _d2019-05-17 |
||